Paroles - Même les monstres rêvent d'amour - Tsew the Kid - Statistiques

Statistiques générales
  • Ce quiz a été pris 133 fois
  • Le résultat moyen est 330 sur 409
Statistiques - réponses
Réponse % Correct
J'
100%
A
99%
a
99%
à
99%
la
99%
La
99%
me
99%
le
98%
les
98%
ma
98%
m'a
98%
de
96%
ne
96%
pas ?
96%
pas
96%
je
95%
Je
95%
mon
95%
monstres
95%
monstres ?
95%
bon
94%
d'amour
94%
des
94%
dire
94%
mais
94%
Mais
94%
m'en
94%
quoi
94%
rêvent
94%
même
93%
m'inspire
93%
un
93%
y
93%
ce
92%
joie
92%
nuit
92%
si
92%
joyeux
91%
au
89%
comme
89%
dans
89%
Dans
89%
et
89%
peu
89%
pour
89%
trucs
89%
cest
88%
c'est
88%
coeur
88%
gars
88%
j'suis
88%
J'suis
88%
Mes
88%
mes
88%
se
88%
yeux
88%
amis
87%
con
87%
faire
87%
genre
87%
plus
87%
poudre
87%
sont
87%
suis
87%
femme
86%
filles
86%
mec
86%
méchant
86%
moi
86%
revoir
86%
sais
86%
tête
86%
Toucher
86%
vautour
86%
aux
85%
beaucoup
85%
doué
85%
il
85%
j'ai
85%
J'ai
85%
mission
85%
non
85%
p'tit
85%
que
85%
qui
85%
Qui
85%
qu'une
85%
veux
85%
voir
85%
coeurs
84%
différent
84%
être
84%
glace
84%
peut
82%
raison
82%
reflet
82%
facettes
81%
fond
81%
J'peux
81%
toi,
81%
toi
81%
brisé
80%
cette
80%
connard
80%
l'espoir
80%
80%
s'efface ?
80%
tard
80%
trop
80%
vis
80%
moins
79%
Parfois
79%
parfois
79%
mauvais
78%
message
78%
vérités
78%
ai
76%
délivrer
76%
diable
76%
tes
76%
givré
75%
connaît
74%
d'honnête
74%
Pourquoi
74%
dieu
73%
ère
73%
fois
73%
imprévisible
73%
quelqu'un
73%
débilités
72%
jamais
72%
j'dis
72%
pardon
72%
rappe
72%
vie
72%
Hey,
71%
mal
71%
Dis
69%
m'égarer
68%
n'en
68%
sons
68%
toujours
68%
sens
67%
tsew
67%
laissé
66%
m'avoir
66%
quand
66%
bien
64%
but
64%
final
64%
j'en
64%
multiples
64%
sensible
64%
m'éloigner
62%
fais
61%
fait
61%
l'impression
61%
mien
61%
passage
61%
sachez
61%
tenté
61%
tomber
61%
une
61%
bonne
60%
lumière
60%
on
60%
tas
60%
décevant
59%
decevoir
59%
devait
59%
en
59%
impulsif
59%
j'me
59%
mort
59%
qu'on
59%
ravages
59%
alors
58%
attachant
58%
avancer
58%
defectueux
58%
déni
58%
divertir
58%
musique
58%
avec
56%
erreurs
56%
leçon
56%
noir
56%
écrits
55%
questions
55%
vous
55%
pose
54%
raisons
54%
saison
54%
stagne
54%
démon
53%
l'hiver
53%
repense
53%
attendant
52%
dit
52%
j'aime
52%
juste
52%
rien
52%
donne
51%
m'écoutez
49%
Perdu
49%
réfléchissez
49%
sombrer
49%
j'fais
48%
l'esprit
48%
voyez
47%
pensais
44%
Restes
42%
t'ai
40%
j'veux
33%
j'vis
33%
j'inventes
27%
oh
27%
Aucun quiz correspondant
Distribution des résultats
% des personnes avec chaque résultat
Percentile par nombre de réponses
Votre historique - résultats
Vous n’avez pas pris ce quiz